00341pab a2200121 454500008004000000100001700040245009000057260000900147300001300156650002000169650001100189773001900200180718b2001 xxu||||| |||| 00| 0 eng d aHayes, Colin aSome thoughts on the ethics and practices of public inquiries into policing in Canada c2001 ap.216-19 aPolice - Canada aPolice aPolice Journal